000 01229ngm a22003370a 4500
001 PT58539
003 AR-LpoUNG
005 20210202000137.0
007 vd cvaizq
008 191001s2000||||cl |||||||||||||||||fre d
040 _aAR-LpoUNG
_bspa
_cAR-LpoUNG
_eaacr
041 _afre
_aspa
044 _acl
082 0 _a302.3 647sal
100 1 _aClouzot, Henri-George
_edir.
245 1 3 _aEl salario del miedo
260 _a[Santiago de Chile] :
_bVideo Manquehue,
_c[2000].
300 _aDVD (135 min.) : son., col.
505 0 _aHecha en 1953 en Francia. Guión: Jérôme Geromini sobre la novela de George Arnaud. Fotografía: Armand Thirard. Protagonistas: Ives Montand y Charles Vanel. Música: George Auric. Dialogos en francés, subtítulos en castellano.
520 _aUna compañía petrolífera ubicada en plena selva sudamericana contrata a cuatro hombres para un peligroso transporte de nitroglicerina. La tensión entre los hombres estalla durante el viaje.
650 4 _aINDUSTRIA PETROLERA
650 4 _aTRANSPORTE
650 4 _aTRANSPORTISTAS
653 _aACCION
653 _aAVENTURA
653 _aCINE FRANCES
653 _aDVD
653 _aVIDEOS
905 _a58539
942 _cDVD
999 _c54179
_d54179